[Event "1.Frauenbundesliga 2018-19"]
[Site "Germany"]
[Date "2018.10.27"]
[Round "1"]
[White "Zpevakova, Jana"]
[Black "Zahn, Alina"]
[Result "0-1"]
[WhiteElo "2056"]
[BlackElo "2096"]
[Annotator "NA RC"]
[PlyCount "120"]
[EventDate "2018.10.27"]
[EventType "team-tourn"]
[EventCountry "GER"]
[SourceTitle "playchess.com"]
[Source "ChessBase"]
[SourceQuality "1"]
[WhiteTeam "SK Schwäbisch Hall"]
[BlackTeam "Hamburger SK"]
[TimeControl "40/5400+30:1800+30"]

1. d4 {[%emt 0:00:00]} d5 {[%emt 0:00:00]} 2. c4 {[%emt 0:00:00]} e6 {[%emt 0:00:00]} 3. Nf3 {[%emt 0:00:00]} Nf6 {[%emt 0:00:00]} 4. Nc3 {[%emt 0:01:31]} Be7 {[%emt 0:00:34]} 5. Bg5 {[%emt 0:01:02]} O-O {[%emt 0:02:55]} 6. e3 {[%emt 0:01:24]} Nbd7 {[%emt 0:00:10]} 7. Qc2 {[%emt 0:02:36]} dxc4 {[%emt 0:04:10]} 8. Bxc4 {[%emt 0:03:04]} a6 {[%emt 0:00:16]} 9. Bd3 {[%emt 0:09:58]} b6 {[%emt 0:05:19]} 10. Ne5 {[%emt 0:06:17]} h6 {[%emt 0:03:39]} 11. Nc6 {[%emt 0:04:03]} Qe8 {[%emt 0:00:44]} 12. Nxe7+ {[%emt 0:04:06]} Qxe7 {[%emt 0:00:12]} 13. Bh4 {[%emt 0:04:54]} Bb7 {[%emt 0:01:07]} 14. O-O {[%emt 0:07:13]} c5 {[%emt 0:05:30]} 15. Rad1 {[%emt 0:03:43]} Rac8 {[%emt 0:06:52]} 16. Qe2 {[%emt 0:02:01]} b5 {[%emt 0:18:32]} 17. Bb1 {[%emt 0:03:54]} cxd4 {[%emt 0:14:49]} 18. exd4 {[%emt 0:01:59]} Qd6 {[%emt 0:06:24]} 19. Rfe1 {[%emt 0:04:02]} Rc4 {[%emt 0:03:08]} 20. Bg3 {[%emt 0:05:22]} Qb6 {[%emt 0:02:14]} 21. f3 {[%emt 0:03:38]} g6 {[%emt 0:11:57]} 22. Bf4 {[%emt 0:06:53]} Kg7 {[%emt 0:04:14]} 23. Qf2 {[%emt 0:01:43]} Rd8 {[%emt 0:02:37]} 24. Be3 {[%emt 0:06:13]} Bd5 {[%emt 0:00:55]} 25. Ne4 {[%emt 0:01:32]} Bxe4 {[%emt 0:01:14]} 26. fxe4 {[%emt 0:05:20]} Ng4 {[%emt 0:00:13]} 27. Qf3 {[%emt 0:03:11]} Nxe3 {[%emt 0:00:07]} 28. Qxe3 {[%emt 0:00:12]} Nf6 {[%emt 0:00:23]} 29. d5 {[%emt 0:04:14]} Qxe3+ {[%emt 0:00:41]} 30. Rxe3 {[%emt 0:00:03]} exd5 {[%emt 0:00:20]} 31. exd5 {[%emt 0:01:16]} Rxd5 {[%emt 0:00:35]} 32. Rf1 {[%emt 0:00:54]} Rc7 {[%emt 0:00:55]} 33. Ref3 {[%emt 0:01:42]} Ng4 {[%emt 0:00:20]} 34. h3 {[%emt 0:00:33]} Ne5 {[%emt 0:00:05]} 35. R3f2 {[%emt 0:00:14]} Rdd7 {[%emt 0:00:39]} 36. Kh2 {[%emt 0:01:10]} Nc4 {[%emt 0:00:38]} 37. b3 {[%emt 0:00:48]} Nd2 {[%emt 0:01:39]} 38. Re1 {[%emt 0:00:18]} Nxb1 {[%emt 0:00:18]} 39. Rxb1 {[%emt 0:00:06]} Rd6 {[%emt 0:00:20]} 40. Re1 {[%emt 0:01:12]} Rcd7 {[%emt 0:00:45]} 41. Ree2 {[%emt 0:30:57]} h5 {[%emt 0:32:12]} 42. Re4 {[%emt 0:00:00]} Kh6 {[%emt 0:00:00]} 43. Rc2 {[%emt 0:00:00]} f5 {[%emt 0:00:00]} 44. Re8 {[%emt 0:00:00]} h4 {[%emt 0:00:00]} 45. Kg1 {[%emt 0:00:00]} Kg5 {[%emt 0:00:00]} 46. Kf2 {[%emt 0:00:00]} Rd2+ {[%emt 0:00:00]} 47. Re2 {[%emt 0:00:00]} Rxc2 {[%emt 0:00:00]} 48. Rxc2 {[%emt 0:00:00]} Kf4 {[%emt 0:00:00]} 49. Re2 {[%emt 0:00:00]} g5 {[%emt 0:00:00]} 50. Rc2 {[%emt 0:00:00]} g4 {[%emt 0:00:00]} 51. hxg4 {[%emt 0:00:00]} fxg4 {[%emt 0:00:00]} 52. a4 {[%emt 0:02:49]} Rd3 {[%emt 0:02:48]} 53. Rc6 {[%emt 0:00:52]} Rxb3 {[%emt 0:01:30]} 54. Rf6+ {[%emt 0:00:34]} Kg5 {[%emt 0:00:15]} 55. Rxa6 {[%emt 0:00:03]} Rb2+ {[%emt 0:01:37]} 56. Kf1 {[%emt 0:01:27]} Kf4 {[%emt 0:01:12]} 57. axb5 {[%emt 0:00:41]} Kg3 {[%emt 0:01:01]} 58. Ra3+ {[%emt 0:02:10]} Kh2 {[%emt 0:00:06]} 59. Ra4 {[%emt 0:00:22]} h3 {[%emt 0:00:50]} 60. gxh3 {[%emt 0:00:45]} g3 {[%emt 0:00:18]} 0-1

[Event "1.Frauenbundesliga 2018-19"]
[Site "Germany"]
[Date "2018.10.27"]
[Round "1"]
[White "Valkova, Angelika"]
[Black "Marx, Inga"]
[Result "1-0"]
[WhiteElo "1918"]
[BlackElo "1863"]
[Annotator "NA RC"]
[PlyCount "119"]
[EventDate "2018.10.27"]
[EventType "team-tourn"]
[EventCountry "GER"]
[SourceTitle "playchess.com"]
[Source "ChessBase"]
[SourceQuality "1"]
[WhiteTeam "SF Deizisau"]
[BlackTeam "Tura Harksheise"]
[TimeControl "40/5400+30:1800+30"]

1. d4 {[%emt 0:00:00]} d5 {[%emt 0:00:00]} 2. c4 {[%emt 0:00:00]} e6 {[%emt 0:00:00]} 3. Nc3 {[%emt 0:00:00]} Nf6 {[%emt 0:00:00]} 4. Nf3 {[%emt 0:00:00]} Nbd7 {[%emt 0:00:04]} 5. Bg5 {[%emt 0:00:04]} Be7 {[%emt 0:00:10]} 6. e3 {[%emt 0:00:11]} O-O {[%emt 0:00:24]} 7. Rc1 {[%emt 0:01:05]} c6 {[%emt 0:01:10]} 8. Qc2 {[%emt 0:00:09]} Re8 {[%emt 0:01:31]} 9. a3 {[%emt 0:00:43]} a5 {[%emt 0:02:48]} 10. Bd3 {[%emt 0:05:25]} Nf8 {[%emt 0:04:09]} 11. O-O {[%emt 0:10:03]} Nh5 {[%emt 0:06:14]} 12. Bxe7 {[%emt 0:00:37]} Qxe7 {[%emt 0:00:08]} 13. c5 {[%emt 0:06:51]} g6 {[%emt 0:06:01]} 14. Rfe1 {[%emt 0:09:54]} f5 {[%emt 0:10:24]} 15. Ne5 {[%emt 0:06:11]} Qf6 {[%emt 0:10:47]} 16. b4 {[%emt 0:11:21]} axb4 {[%emt 0:03:49]} 17. axb4 {[%emt 0:01:21]} Nd7 {[%emt 0:01:30]} 18. f4 {[%emt 0:00:11]} g5 {[%emt 0:13:33]} 19. g4 {[%emt 0:12:22]} Ng7 {[%emt 0:06:07]} 20. Kh1 {[%emt 0:07:06]} Rf8 {[%emt 0:09:16]} 21. Rg1 {[%emt 0:02:33]} gxf4 {[%emt 0:03:21]} 22. g5 {[%emt 0:00:42]} Qe7 {[%emt 0:01:01]} 23. Nxd7 {[%emt 0:00:13]} Bxd7 {[%emt 0:00:32]} 24. exf4 {[%emt 0:00:04]} Be8 {[%emt 0:01:15]} 25. Ra1 {[%emt 0:04:44]} Bh5 {[%emt 0:02:45]} 26. Be2 {[%emt 0:04:46]} Qc7 {[%emt 0:00:47]} 27. Qd2 {[%emt 0:00:51]} Kh8 {[%emt 0:02:13]} 28. Rgf1 {[%emt 0:03:17]} Rfb8 {[%emt 0:02:06]} 29. Ra2 {[%emt 0:05:24]} b5 {[%emt 0:02:31]} 30. Rfa1 {[%emt 0:01:01]} Rxa2 {[%emt 0:01:05]} 31. Rxa2 {[%emt 0:00:07]} Bxe2 {[%emt 0:02:15]} 32. Nxe2 {[%emt 0:00:04]} Kg8 {[%emt 0:01:53]} 33. Nc1 {[%emt 0:01:07]} Rb7 {[%emt 0:01:20]} 34. Ra8+ {[%emt 0:04:59]} Rb8 {[%emt 0:00:24]} 35. Ra5 {[%emt 0:00:10]} Rb7 {[%emt 0:01:20]} 36. Nd3 {[%emt 0:00:16]} Nh5 {[%emt 0:01:10]} 37. Ne5 {[%emt 0:01:39]} Qc8 {[%emt 0:02:00]} 38. Kg2 {[%emt 0:01:04]} Rc7 {[%emt 0:01:25]} 39. Kf3 {[%emt 0:00:08]} Qe8 {[%emt 0:00:43]} 40. Qa2 {[%emt 0:00:28]} Rc8 {[%emt 0:01:17]} 41. Ra6 {[%emt 0:31:50]} Ng7 {[%emt 0:02:42]} 42. Ke3 {[%emt 0:00:00]} Kf8 {[%emt 0:04:30]} 43. Ra7 {[%emt 0:00:00]} Kg8 {[%emt 0:06:17]} 44. Nd7 {[%emt 0:00:00]} Nh5 {[%emt 0:04:35]} 45. Rb7 {[%emt 0:00:00]} Ra8 {[%emt 0:01:01]} 46. Qxa8 {[%emt 0:00:00]} Qxa8 {[%emt 0:00:09]} 47. Rb8+ {[%emt 0:00:00]} Qxb8 {[%emt 0:00:07]} 48. Nxb8 {[%emt 0:00:00]} Ng7 {[%emt 0:02:02]} 49. Nxc6 {[%emt 0:00:00]} Ne8 {[%emt 0:00:07]} 50. h4 {[%emt 0:00:00]} Kg7 {[%emt 0:02:47]} 51. h5 {[%emt 0:00:00]} Nc7 {[%emt 0:00:30]} 52. Kd3 {[%emt 0:00:00]} h6 {[%emt 0:02:19]} 53. g6 {[%emt 0:00:00]} Kf8 {[%emt 0:01:26]} 54. Kc3 {[%emt 0:00:00]} Kg7 {[%emt 0:00:32]} 55. Kb3 {[%emt 0:00:00]} Kf8 {[%emt 0:00:38]} 56. Na7 {[%emt 0:00:00]} Kg7 {[%emt 0:00:17]} 57. c6 {[%emt 0:00:00]} e5 {[%emt 0:06:39]} 58. dxe5 {[%emt 0:00:00]} Kf8 {[%emt 0:00:21]} 59. Kc3 {[%emt 0:00:00]} Ke7 {[%emt 0:01:07]} 60. Kd4 {[%emt 0:00:00]} 1-0

[Event "1.Frauenbundesliga 2018-19"]
[Site "Germany"]
[Date "2018.10.27"]
[Round "1"]
[White "Rosmait, Emily"]
[Black "Jelica, Mara"]
[Result "0-1"]
[WhiteElo "1910"]
[BlackElo "2162"]
[Annotator "TA"]
[PlyCount "100"]
[EventDate "2018.10.27"]
[EventType "team-tourn"]
[EventCountry "GER"]
[SourceTitle "playchess.com"]
[Source "ChessBase"]
[SourceQuality "1"]

{[%evp 10,100,4,-5,18,18,20,0,3,0,0,0,41,10,75,59,56,56,64,40,37,33,54,58,64,66,61,33,33,42,35,19,44,37,45,0,70,79,68,60,67,0,20,27,33,0,59,-60,-61,-64,-72,-200,-195,-191,-179,-181,-181,-182,-169,-169,0,0,0,-172,-176,-272,-272,-272,-272,-285,-280,-575,-524,-511,-522,-516,-511,-506,-449,-450,-448,-414,-310,-475,-428,-660,-618,-666,-666,-765,-665,-603,-533]} 1. e4 c5 2. Nf3 d6 3. Bb5+ Bd7 4. Bxd7+ Nxd7 5. d4 cxd4 6. Qxd4 {LiveBook: 38 Games} Qa5+ {B52: Sicilian: Moscow Variation with 3...Bd7} (6... Ngf6 7. O-O g6 8. e5 dxe5 9. Nxe5 Bg7 10. Nxd7 Qxd7 11. Qxd7+ Nxd7 12. c3 Ne5 13. Rd1 O-O 14. Na3 Rfd8 15. Be3 {½-½ (77) Rodi,L (2304)-Delgado Ramirez,N (2624) Belem 2017}) 7. Bd2 $146 ({Predecessor:} 7. Nc3 Ngf6 8. O-O g6 9. Bd2 Rc8 10. Rfe1 Qc5 11. Qa4 a6 12. e5 dxe5 13. Nxe5 Bg7 14. Rad1 {1-0 (33) Rothebarth,A (2080)-Figueiredo Assad,L Cuiaba 2017}) 7... Qc5 8. O-O Ngf6 {The position is equal.} 9. Nc3 Qxd4 10. Nxd4 Nc5 11. Rfe1 O-O-O (11... Rc8 $11) 12. Bg5 h6 13. Bxf6 gxf6 14. Nd5 e6 15. Nc3 $1 ({Weaker is} 15. Nxf6 Bg7 $17) 15... Bg7 16. Rad1 a6 17. a4 h5 18. h4 Rhg8 19. b4 Nd7 20. a5 Bh6 21. Na4 Kb8 22. Nf3 Bf4 (22... Ne5 $11 23. Nxe5 dxe5) 23. g3 $14 Rc8 24. Kf1 Ne5 25. Nd4 ({Better is} 25. Nxe5 $14 Bxe5 26. c3) 25... Bh6 26. Nb6 Rc3 27. Re2 Kc7 ({Black should try} 27... Rd8 $11) 28. b5 (28. Nf5 $1 $14 Bf8 29. Re3 Rxe3 30. Nxe3) 28... Ra3 $15 29. bxa6 Rxa5 30. axb7 (30. f4 $17) 30... Kxb6 $19 31. Rb1+ Kc7 {And now ...Rb8 would win.} 32. f4 Nd7 33. Re3 Rb8 34. Nb5+ Kc6 35. Nd4+ Kc7 36. Nb5+ $1 Kxb7 {Hoping for ...Kc6.} 37. Reb3 (37. Nxd6+ {was necessary.} Kc7 38. Rxb8 Kxb8 39. Nxf7) 37... Kc6 38. Nd4+ Kc7 39. Nb5+ {[#]} Kd8 $1 {...Nc5 is the strong threat.} 40. Kg1 $2 (40. Nxd6 Rxb3 41. cxb3) 40... Ke7 41. Nd4 Rxb3 42. cxb3 {aiming for Nc6+.} Ra2 43. b4 Nb6 44. Rc1 Rb2 45. Rc7+ Ke8 46. b5 (46. Nb5 {was the only chance.} Bf8 47. Rc6) 46... Bg7 {Black is clearly winning.} 47. Rb7 (47. Nc6 $142 Rxb5 48. Re7+ Kf8 49. Rb7 Rb1+ 50. Kf2 Rb2+ 51. Ke1) 47... f5 48. Nc6 Rxb5 49. Re7+ Kf8 50. Rb7 {[#] White threatens Rb8+ and mate.} Ba1 {Precision: White = 31%, Black = 60%.} 0-1

[Event "1.Frauenbundesliga 2018-19"]
[Site "Germany"]
[Date "2018.10.28"]
[Round "2"]
[White "Vega Gutierrez, Sabrina"]
[Black "Endress, Anna"]
[Result "1-0"]
[WhiteElo "2404"]
[BlackElo "2127"]
[Annotator "TA"]
[PlyCount "57"]
[EventDate "2018.10.27"]
[EventType "team-tourn"]
[EventCountry "GER"]
[SourceTitle "playchess.com"]
[Source "ChessBase"]
[SourceQuality "1"]
[WhiteTeam "SK Schwäbisch Hall"]
[BlackTeam "Tura Harksheise"]

{[%evp 22,57,26,0,29,25,79,73,56,61,133,124,140,143,121,103,118,103,308,71,365,240,608,586,1047,1001,1370,1369,1799,1793,1936,1856,29988,29989,29989,29981,29990,5420]} 1. d4 d5 2. c4 e6 3. Nf3 c6 4. e3 Nf6 5. Nbd2 Be7 6. b3 O-O 7. Bd3 b6 8. O-O Bb7 9. Bb2 c5 10. Qe2 Nbd7 11. Rad1 Qc7 {D30: Queen's Gambit Declined: Systems without Nc3} (11... a5 12. e4 dxe4 13. Nxe4 Qc7 14. Neg5 cxd4 15. Nxd4 Nc5 16. Bb1 Qf4 17. Ndf3 h6 18. Be5 Qg4 19. Rd4 {1-0 (45) Krejci,J (2538)-Motuz,K (2423) Slovakia 2017}) 12. Ne5 {LiveBook: 10 Games} Rac8 13. f4 Rfd8 (13... Rcd8 $11) 14. cxd5 $146 ({Predecessor:} 14. f5 Bd6 15. fxe6 fxe6 16. Ndf3 Nf8 17. Ng5 Bxe5 18. dxe5 Ne4 19. Bxe4 dxe4 20. Rd6 Rxd6 21. exd6 Qxd6 22. Qh5 Rc7 23. Be5 Qd8 24. Bxc7 Qxc7 25. Rxf8+ {1-0 (25) Vassallo Barroche,M (2416)-Oliveira,L (2118) Torres Vedras 2011}) 14... exd5 15. Bf5 Ra8 ({Black should play} 15... g6 $14 16. Bd3 Ra8) 16. Ndf3 $16 {Black must now prevent Ng5.} h6 17. g4 {Hoping for g5.} Nxe5 18. dxe5 Ne4 19. e6 f6 $2 {[#]} (19... Bf6 $16 {was worth a try.}) 20. Qg2 $2 (20. g5 $1 $18 {[%mdl 512] and the rest is easy.}) 20... c4 $2 {[%mdl 8192]} (20... d4 $16) 21. Bd4 Bc8 $2 {[#]} (21... Rf8) 22. g5 $1 $18 {[%mdl 512] And now gxh6 would win.} fxg5 23. fxg5 Bxg5 24. Bxe4 dxe4 25. Nxg5 hxg5 26. Rf7 Rxd4 27. Rxd4 {White mates.} (27. Rxc7 $2 {loses.} Rxd1+ 28. Qf1 Rxf1+ $19) 27... Qe5 28. Rd8+ Kh7 29. e7 {Precision: White = 65%, Black =  8%.} (29. Qg4 $142 Qxe6 30. Qh5+ Qh6 31. Qxh6+ Kxh6 32. Rc7 cxb3 33. axb3 Bb7 34. Rd6+ Kh5 35. Rxb7) 1-0

[Event "1.Frauenbundesliga 2018-19"]
[Site "Germany"]
[Date "2018.10.28"]
[Round "2"]
[White "Ambartsumova, Karina"]
[Black "Brandt, Carina"]
[Result "1-0"]
[WhiteElo "2379"]
[BlackElo "2087"]
[Annotator "TA"]
[PlyCount "93"]
[EventDate "2018.10.27"]
[EventType "team-tourn"]
[EventCountry "GER"]
[SourceTitle "playchess.com"]
[Source "ChessBase"]
[SourceQuality "1"]

{[%evp 21,93,14,18,25,22,15,8,0,0,0,0,-9,-16,-23,-14,-17,-16,-27,-22,-26,-9,-19,19,-16,-16,-16,-6,0,-11,-27,0,-4,0,0,-3,-22,-14,-10,0,-9,-10,-9,15,0,23,18,31,14,21,11,129,102,119,93,170,172,266,257,293,272,704,683,838,834,890,872,838,808,1546,1505,1460,1413,1690,1637]} 1. c4 Nf6 2. Nc3 g6 3. g3 Bg7 4. Bg2 O-O 5. d4 d6 6. Nf3 Nc6 7. O-O e5 8. dxe5 Nxe5 9. Nxe5 dxe5 10. Bg5 Qxd1 11. Raxd1 c6 {LiveBook: 4 Games. E62: King's Indian: Fianchetto: 6...c6 and Panno Variation (6...Nc6) without ...a6} (11... h6 12. Be3 c6 13. Bc5 Re8 14. e4 Be6 15. b3 Bf8 16. Bd6 Bxd6 17. Rxd6 Red8 18. Rfd1 Rxd6 19. Rxd6 {0-1 (61) Duggan,J (2140)-Bregadze,L (2435) Orlando 2014}) 12. b3 Re8 13. h3 Be6 $146 {The position is equal.} ({Predecessor:} 13... h6 14. Be3 Bf8 15. Na4 Nh7 16. Bc5 Ng5 17. Kh2 Ne6 18. Bxf8 Kxf8 19. Rd2 {1-0 (60) Markotic,G (2279)-Orak,L (2317) Sibenik 2010}) 14. Na4 Nd7 15. Rd2 Bf8 16. Be3 {Threatening Rfd1.} Bb4 17. Rdd1 f6 18. Kh2 Kf7 19. Ra1 Bf8 20. Rfd1 a5 21. Rd3 Bf5 22. Rd2 (22. Be4 $5 Bxe4 23. Rxd7+ Re7 24. Rd2 $14) 22... Bb4 23. Rdd1 Be7 24. g4 Be6 25. Bf3 Ra6 26. Rac1 f5 27. gxf5 Bxf5 28. c5 Nf6 29. Nb6 {[%cal Ba4b6,Bb6c4,Bc4e3][%mdl 32]} Be6 30. Nc4 e4 31. Bg2 Bd5 32. Bd4 Nd7 33. Ne3 $36 {[%mdl 2048] White fights for an advantage.} Bg5 34. Rc3 Bf4+ 35. Kg1 a4 (35... Bxe3 $11 36. Bxe3 Nf6) 36. Nxd5 $16 cxd5 37. e3 Bc7 (37... Be5 $16) 38. Bf1 $1 $18 {[%cal Rf1a6]} Raa8 {[#]} (38... Rae6 $142 39. bxa4 Rb8) 39. Bb5 $1 {[%cal Rb5d7]} Re7 {[#]} 40. c6 $1 {[%cal Rc6d7]} ({Weaker is} 40. bxa4 Ne5 $14) 40... bxc6 $2 (40... Ne5 41. cxb7 Rb8) 41. Bxc6 {White is clearly winning.} Ne5 42. Bxd5+ Ke8 43. Bxa8 Nf3+ 44. Kf1 h5 45. Bc6+ Kf7 46. Bd5+ Ke8 47. Bf6 {Precision: White = 45%, Black = 31%.} 1-0

[Event "1.Frauenbundesliga 2018-19"]
[Site "Germany"]
[Date "2018.10.28"]
[Round "2"]
[White "Schleining, Zoya"]
[Black "Padmini, Rout"]
[Result "1/2-1/2"]
[WhiteElo "2370"]
[BlackElo "2338"]
[Annotator "TA"]
[PlyCount "87"]
[EventDate "2018.10.27"]
[EventType "team-tourn"]
[EventCountry "GER"]
[SourceTitle "playchess.com"]
[Source "ChessBase"]
[SourceQuality "1"]
[WhiteTeam "SF Deizisau"]
[BlackTeam "Hamburger SK"]

{[%evp 13,87,0,7,-4,-4,-5,-3,0,0,0,0,-16,0,-6,31,14,20,0,0,0,0,0,2,0,18,13,13,13,13,11,18,10,13,15,14,0,0,0,0,0,0,0,0,0,0,0,-7,-13,0,-4,0,0,0,0,0,0,0,-3,0,0,0,0,0,0,0,0,0,-5,0,0,0,0,0,0,0,0]} 1. Nf3 c5 2. e3 g6 3. d4 Bg7 4. Bd3 Nf6 5. Nbd2 d6 6. O-O O-O 7. c3 Nc6 {LiveBook: 19 Games} 8. dxc5 {A48: 1 d4 Nf6 2 Nf3 g6: Torre, London and Colle Systems} (8. b3 e5 9. Bb2 Re8 10. dxe5 dxe5 11. Qc2 Bg4 12. e4 Nh5 13. Bb5 Nf4 14. Bxc6 bxc6 15. Rfe1 Qd7 {1-0 (38) Bagirov,R (2484)-Paramos Dominguez,R (2429) ICC INT 2009}) 8... dxc5 9. Qc2 b6 10. e4 Bb7 11. Re1 Qc7 12. Bf1 $146 ({Predecessor:} 12. a4 Rad8 13. Nc4 Ng4 14. h3 Nge5 15. Ncxe5 Nxe5 16. Nxe5 Bxe5 17. Bh6 Bg7 18. Be3 {½-½ (18) Alm,C (1975)-Schmidt,A (2023) Bayern 2008}) 12... Rad8 13. a4 Rd7 14. Nc4 Ng4 {The position is equal.} 15. Bg5 Nce5 16. Ncxe5 Nxe5 17. Nxe5 Bxe5 18. Bb5 Rdd8 19. Bh6 Bg7 20. Be3 a6 21. Bc4 Rd7 22. Rad1 Rfd8 23. Rxd7 Rxd7 24. Qe2 a5 25. f3 {[%cal Bf2f3,Bf3f4][%mdl 32]} Bc6 26. Bb5 h5 27. Bxc6 Qxc6 28. Qc4 Qd6 29. f4 e6 30. g3 Qc7 31. Kf2 Qd8 32. Ke2 Rd6 33. Rc1 Qd7 34. Qb5 Qb7 35. Qc4 f5 36. Rd1 Qd7 37. Rxd6 Qxd6 38. Qd3 Qc6 39. exf5 gxf5 40. Qb5 Qg2+ 41. Bf2 Qe4+ 42. Be3 Qg2+ 43. Bf2 {[#] Qe8+ is the strong threat.} Qe4+ 44. Be3 {Precision: White = 72%, Black = 75%.} 1/2-1/2

[Event "1.Frauenbundesliga 2018-19"]
[Site "Germany"]
[Date "2018.10.28"]
[Round "2"]
[White "Hoolt, Sarah"]
[Black "Klek, Hanna Marie"]
[Result "1/2-1/2"]
[WhiteElo "2355"]
[BlackElo "2278"]
[Annotator "TA"]
[PlyCount "55"]
[EventDate "2018.10.27"]
[EventType "team-tourn"]
[EventCountry "GER"]
[SourceTitle "playchess.com"]
[Source "ChessBase"]
[SourceQuality "1"]
[WhiteTeam "Hamburger SK"]
[BlackTeam "SF Deizisau"]

{[%evp 20,55,-22,-13,4,3,0,-1,6,6,20,8,10,23,35,18,22,16,33,28,39,54,52,47,45,0,45,0,25,-6,20,14,7,0,0,0,0,-31]} 1. e4 e5 2. Nf3 Nc6 3. Bb5 a6 4. Ba4 Nf6 5. d3 d6 6. c4 g6 7. Nc3 Bg7 8. d4 {C77: Ruy Lopez: 3...a6 4 Ba4 Nf6, unusual lines} O-O 9. Bxc6 exd4 10. Nxd4 bxc6 11. O-O {LiveBook: 4 Games} Qd7 $146 ({Predecessor:} 11... c5 12. Nde2 Rb8 13. Qc2 Ng4 14. f3 Ne5 15. b3 f5 {1-0 (35) Naiditsch,A (2710)-Baramidze,D (2608) Oberhof 2013}) 12. f3 Rb8 13. b3 Re8 14. Bg5 h6 15. Bh4 {[%cal Bg5h4,Bh4f2,Bf2e3][%mdl 32]} Nh5 16. Qd2 Kh7 17. Rad1 Bb7 18. Bf2 Qe7 19. Nde2 Rbd8 20. Rfe1 Qg5 21. Be3 Qh4 22. Bf2 Qg5 23. Na4 c5 24. Nac3 (24. Be3 $5 {[%cal Re3g5]} Qe5 25. g4 $11) 24... Be5 {The position is equal.} 25. Qxg5 hxg5 26. h3 Nf4 27. Be3 Ne6 28. Rd3 {Precision: White = 56%, Black = 35%.} 1/2-1/2

[Event "1.Frauenbundesliga 2018-19"]
[Site "Germany"]
[Date "2018.10.28"]
[Round "2"]
[White "Papp, Petra"]
[Black "Rosmait, Emily"]
[Result "1-0"]
[WhiteElo "2334"]
[BlackElo "1910"]
[Annotator "TA"]
[PlyCount "45"]
[EventDate "2018.10.27"]
[EventType "team-tourn"]
[EventCountry "GER"]
[SourceTitle "playchess.com"]
[Source "ChessBase"]
[SourceQuality "1"]

{[%evp 12,45,0,0,53,50,52,41,53,58,62,41,41,37,48,50,76,60,177,142,191,141,531,561,557,547,634,614,674,688,669,674,615,659,625,655]} 1. e4 e5 2. Nf3 Nc6 3. d4 exd4 4. Nxd4 Bc5 5. Nb3 Bb6 6. Nc3 d6 7. Qe2 {LiveBook: 140 Games} Bd7 {C45: Scotch Game} ({Black should try} 7... Nge7 $11) (7... a5 8. a4 Nb4 9. Bf4 Qf6 10. Qd2 Ne7 11. O-O-O Ng6 12. Be3 Bxe3 13. Qxe3 O-O 14. g3 Bg4 15. Be2 Bxe2 16. Qxe2 {½-½ (41) Sethuraman,S (2657)-Melkumyan,H (2662) Yerevan 2018}) 8. Be3 $14 Bxe3 9. Qxe3 Nf6 {White is slightly better.} 10. O-O-O $146 ({Predecessor:} 10. h3 Qe7 11. O-O-O O-O-O 12. g4 Rde8 13. Bg2 Kb8 14. f4 h6 15. Rhe1 {½-½ (26) Rosenberger,F (2044)-Arts,S (2168) Goch 2015}) 10... Qe7 11. g3 O-O-O 12. h3 h5 13. Bg2 Rde8 14. Rhe1 Nh7 (14... h4 $14) 15. Nd5 Qf8 16. Nd4 Kb8 $2 {[%mdl 8192]} (16... Nxd4 $16 {is a better chance.} 17. Qxd4 Kb8) 17. Nb5 $18 {White is clearly winning.} Rc8 {[#]} 18. e5 $1 {[%mdl 512]} a6 (18... Nxe5 19. Qxa7#) 19. exd6 axb5 20. dxc7+ Rxc7 21. Qf4 Qd8 22. Nxc7 Qxc7 23. Rxd7 {Precision: White = 65%, Black = 27%.} 1-0

[Event "1.Frauenbundesliga 2018-19"]
[Site "Germany"]
[Date "2018.10.28"]
[Round "2"]
[White "Fuchs, Judith"]
[Black "Misanovic, Vesna"]
[Result "1-0"]
[WhiteElo "2274"]
[BlackElo "2273"]
[Annotator "TA"]
[PlyCount "85"]
[EventDate "2018.10.27"]
[EventType "team-tourn"]
[EventCountry "GER"]
[SourceTitle "playchess.com"]
[Source "ChessBase"]
[SourceQuality "1"]
[WhiteTeam "Hamburger SK"]
[BlackTeam "SF Deizisau"]

{[%evp 12,85,11,1,60,52,50,60,61,0,0,0,-8,0,0,0,0,0,0,0,21,0,46,28,41,43,36,43,43,0,19,-215,-210,-188,-63,-31,-36,-153,-156,-153,-146,-162,-158,-159,-177,-125,0,-7,-56,-55,0,0,59,0,52,40,267,235,397,384,3175,2205,3731,2802,29956,29956,29980,29982,29987,29988,29988,29989,29988,29989,29988,29989]} 1. d4 Nf6 2. Bf4 g6 3. Nc3 d5 4. Qd2 Bg7 5. Bh6 O-O 6. Bxg7 {D01: Veresov Opening} Kxg7 7. O-O-O {LiveBook: 22 Games} Bd7 $146 (7... c5 $11) ({Predecessor:} 7... c5 8. e3 Nc6 9. dxc5 Be6 10. Bb5 Ne5 11. Qd4 Qc7 12. Nge2 Rac8 13. Nf4 {½-½ (78) Van Foreest,J (2612)-Grandelius,N (2642) Wijk aan Zee 2017}) 8. f3 $14 {White is slightly better.} b5 9. e4 dxe4 10. fxe4 (10. Nxe4 $14 a6 11. d5) 10... b4 $11 11. e5 bxc3 12. exf6+ exf6 13. Qxc3 Nc6 14. Nf3 Re8 15. Bc4 Rb8 16. Rhe1 Rb6 17. h3 h5 18. Bb3 Rxe1 19. Rxe1 Ne7 20. Qa5 Bc6 21. Qxa7 $2 (21. Qc5 $11 Nd5 22. Kb1) 21... Bxf3 $1 $19 22. gxf3 Nf5 (22... Nc6 $19 23. Qa4 Nxd4) 23. c3 $15 Qd6 24. Kb1 (24. Qa8 $1 $15) 24... Qg3 $17 25. Rc1 Nh4 26. Bd5 Nxf3 27. Bxf3 Qxf3 28. Qxc7 $19 {[%mdl 4096] Endgame [#] KQR-KQR} Qd3+ (28... Re6 $1 $17 29. Qc4 Qxh3) 29. Ka1 $1 $132 {[%mdl 2048] White has counterplay} Re6 (29... Qd2 $5 30. Rb1 $8 Re6 $14) 30. Qf4 Re4 (30... Qxh3 $15 31. d5 g5) 31. Qf1 Re2 (31... Qd2 $11) 32. d5 (32. c4 $1 $14) 32... Qd2 ({Black should try} 32... f5 $11) 33. Rb1 $14 Re5 $2 (33... Qe3 $14) 34. c4 $18 {[%cal Bc3c4,Bc4c5,Bc5c6,Bc6c7][%mdl 32]} g5 $2 (34... Re4 {was worth a try.} 35. Qd1 Qf4) 35. Qd1 Qxd1 $2 (35... Qe3 36. d6 (36. Qxh5 Re4 $16) 36... Re8 37. Qxh5 Qd4) 36. Rxd1 {KR-KR} Kf8 37. c5 Ke7 38. d6+ {White mates.} Kd7 {[#]} 39. c6+ $1 {[%mdl 512]} Kd8 (39... Kxc6 40. d7) 40. b4 {[%cal Bb2b4,Bb4b5][%mdl 32]} Re4 41. c7+ Kd7 42. Rc1 Re8 43. b5 {Precision: White = 60%, Black = 33%.} 1-0